000 01198 a2200241 4500
001 40622
005 20260407155702.0
008 260407a2011 arg spa d
003 AR-UNSa-BCEJYS
040 _aAR-UNSa-BCEJYS
_bspa
_cAR-UNSa-BCEJYS
080 _a37.015.4
_xSociología de la educación
245 1 0 _aImágenes de lo no escolar
_pen la escuela y más allá
020 _a978-950-12-4566-0
264 1 _aBuenos Aires :
_bPaidós
_c2011
300 _a161 p.
_c21 cm.
505 _a1. Itinerarios de una investigación - 2. Existencias a la deriva - 3. Imágenes sobre lo no escolar - 4. Perforar la obviedad. Conversación con Santiago López Petit - 5. Políticas de la percepción. Conversación con Peter Pál Pelbart - 6. La de-mora que piensa. Sobre la potencia de los "pasillos". Conversación con Marcelo Percia - 7. Formas de lo no escolar. Una entrevista a Silvia Duschatzky y Diego Sztulwark - 8. Tan raro...que puede ser
041 _aspa
942 _cBK
590 _aniveau_biblio:m niveau_hierar:0
100 1 _aSztulwark, Diego
700 1 _aDuschatzky, Silvia
856 4 1 _uhttps://biblioeco.unsa.edu.ar/pmb/images/libros/L126213.jpg
_yImagen de portada
_qimage/jpeg
999 _c3272
_d3272